000
00310nam a22001337a 4500
008
190205b xxu||||| |||| 00| 0 eng d
020
_a
9780131995307
041
_a
eng
080
_2
4th
_a
821
100
_a
21
101
_a
GJL
245
_a
Literature and the writing process
_c
Mathan,E.M
942
_2
udc
_c
BK
999
_c
54012
_d
54012